000 00704nam a2200289Ia 4500
005 20260324124132.0
008 008 260324s9999 xx 000 0 eng d
020 _a9780203868522
037 _aEBOOK
040 _aCRL
040 _beng
040 _cCRL
041 _2eng
041 _aeng
084 _qCRL
100 _aMark Phythian; Annika Bergman-Rosamond
_91172976
245 0 _aWar, Ethics and Justice
245 0 _bNew Perspectives on a Post-9/11 World
260 _bTaylor and Francis
260 _c2011
365 _a
365 _b240
856 _uhttp://www.taylorfrancis.com/books/9780203868522
942 _cEBOOK
999 _c1767119
_d1767119